Hint | Answer | % Correct |
---|---|---|
• | Brazil | 96%
|
• | Guam | 93%
|
• | Sudan | 93%
|
• | El Salvador | 89%
|
• | Peru | 89%
|
• | Greece | 85%
|
• | Germany | 81%
|
• | Ghana | 81%
|
• | Guyana | 81%
|
• | Japan | 81%
|
• | Oman | 81%
|
• | Spain | 81%
|
• | Botswana | 78%
|
• | Iran | 78%
|
• | Spanish Sahara | 78%
|
• | Vietnam | 78%
|
• | Bahrain | 74%
|
• | Bhutan | 74%
|
• | Gabon | 74%
|
• | San Juan | 74%
|
• | Zaire (Dem. Rep. of the Congo) | 74%
|
• | Algier (Algeria) | 70%
|
• | Taiwan | 70%
|
• | Cayman (Cayman Islands) | 67%
|
• | Yugoslavia | 63%
|
Copyright H Brothers Inc, 2008–2024
Contact Us | Go To Top | View Mobile Site